| 000 | 01470naa a22003497a 4500 | ||
|---|---|---|---|
| 001 | BR8303787 | ||
| 003 | BR-BrBNA | ||
| 005 | 20240918175314.0 | ||
| 007 | ta | ||
| 008 | 230509b bl.||||| |||| 00| 0 por d | ||
| 040 |
_aBR-BrBNA _bpor _cBiblioteca Nacional de Agricultura |
||
| 041 | _a(Pt) | ||
| 072 |
_aF00 _b0334 _bG514 |
||
| 090 | _aF00 BR8303787 | ||
| 100 | 1 | _aBonetti, L.P. | |
| 100 | 1 | _aTragnago, J.L. | |
| 111 | 1 |
_aReuniao Anual de Programacao de Pesquisa e de Assistencia Tecnica da Cultura da Colza _cPasso Fundo, RS (Brazil) _d5-7 Apr 1983 |
|
| 245 | 1 | _aAvaliacao de cultivares de colza em diferentes epocas de semeadura [Brassica napus, Rio Grande do Sul, Brasil] | |
| 260 | 3 |
_aCruz Alta, RS (Brasil): _c1983. |
|
| 500 | _aContribuicao do Centro de Experimentacao e Pesquisa a Reuniao Anual de Programacao de Pesquisa e de Assistencia Tecnica da Cultura da Colza - 1983 Cruz Alta, RS (Brasil): 1983. p. 11-23 (BR8303787-AM)F00 | ||
| 650 | _aCOLZA | ||
| 650 | _aVARIEDADE | ||
| 650 | _aSEMEADURA | ||
| 650 | _aCALENDARIO AGRICOLA | ||
| 650 | _aCOMPORTAMENTO DE VARIEDADE | ||
| 650 | _aRENDIMENTO | ||
| 650 | _aFLORACAO | ||
| 650 | _aRIO GRANDE DO SUL | ||
| 773 | 0 |
_tContribuicao do Centro de Experimentacao e Pesquisa a Reuniao Anual de Programacao de Pesquisa e de Assistencia Tecnica da Cultura da Colza - 1983 _wF00 BR8303787 _gCruz Alta, RS (Brasil), 1983. p. 11-23 |
|
| 909 |
_a202404 _bLucia _c55 _dLucia Elande |
||
| 942 |
_cAM _2AGRIS |
||
| 999 |
_c316064 _d316064 |
||